000 00684nam a2200253Ia 4500
003 OSt
005 20220925215552.0
006 a|||||r|||| 00| 0
007 ta
008 220923b |||||||| |||| 00| 0 eng d
020 _a09 045541 X
037 _cGeneral Book
040 _aRTL
_cRTL
_beng
041 _2eng
_aeng
082 _aU5.3-52.D, K4
100 _aRivet A L F
_9283082
245 0 _aTown and country in Roman Britain
250 _a2nd
260 _aLondon
_bHutchinson University Library U K
_c1964
300 _a196p.
_ccm.
650 _aPolitical Geography
942 _hU5.3-52.D, K4
_cGB
_2CC
999 _c569179
_d569179